Základné atribúty potravinovej bezpečnosti
Koncept potravinovej bezpečnosti. Potravinová bezpečnosť na národnej úrovni. Potravinová bezpečnosť domácností a jednotlivcov. Ukazovatele potravinovej bezpečnosti. Aktéri v oblasti globálnej potravinovej bezpečnosti. Svetová zdravotnícka organizácia.
Guardado en:
| Autor principal: | |
|---|---|
| Formato: | Capítulo de libro |
| Lenguaje: | eslovaco |
| Materias: | |
| Etiquetas: |
Sin Etiquetas, Sea el primero en etiquetar este registro!
|
MARC
| LEADER | 00000naa a2200000 4500 | ||
|---|---|---|---|
| 001 | 0175809 | ||
| 005 | 20231204133818.0 | ||
| 041 | 0 | |a slo | |
| 044 | |a SK | ||
| 245 | 1 | 0 | |a Základné atribúty potravinovej bezpečnosti |c Milota Kustrová |
| 520 | |a Koncept potravinovej bezpečnosti. Potravinová bezpečnosť na národnej úrovni. Potravinová bezpečnosť domácností a jednotlivcov. Ukazovatele potravinovej bezpečnosti. Aktéri v oblasti globálnej potravinovej bezpečnosti. Svetová zdravotnícka organizácia. | ||
| 610 | 2 | 0 | |a bezpečnosť potravinová |
| 610 | 2 | 0 | |a Európska únia |
| 610 | 2 | 0 | |a kontrola kvality |
| 610 | 2 | 0 | |a kontrola preventívna |
| 610 | 2 | 0 | |a spotrebitelia |
| 610 | 2 | 0 | |a zdravie |
| 100 | 1 | |a Kustrová, Milota | |